消滅した町村は現在どこの市町村?(九州地方篇) - Statistics

General Stats
  • This quiz has been taken 13 times
  • The average score is 46 of 104
Answer Stats
消滅した市町村名 現在の市町村名 % Correct
福江市、富江町、玉之浦町、三井楽町、岐宿町、奈留町 五島市
80%
甘木市、杷木町、朝倉町 朝倉市
70%
挾間町、庄内町、湯布院町 由布市
70%
上屋久町、屋久町 屋久島町
70%
田主丸町、北野町、城島町、三瀦町 久留米市
70%
厳原町、美津島町、豊玉町、峰町、上県町、上対馬町 対馬市
70%
三角町、不知火町、松橋町、小川町、豊野町 宇城市
70%
本渡市、牛深市、有明町、御所浦町、倉岳町、栖本町、新和町、五和町、天草町、河浦町 天草市
70%
串木野市、市来町 いちき串木野市
70%
一の宮町、阿蘇町、波野村 阿蘇市
70%
合志町、西合志町 合志市
70%
川内市、樋脇町、入来町、東郷町、祁答院町、里村、上甑村、下甑村、鹿島村 薩摩川内市
70%
松山町、志布志町、有明町 志布志市
60%
吉井町、浮羽町 うきは市
60%
宮田町、若宮町 宮若市
60%
浜玉町、厳木町、相知町、北波多村、肥前町、鎮西町、呼子町、七山村 唐津市
60%
頴娃町、知覧町、川辺町 南九州市
60%
加津佐町、口之津町、南有馬町、北有馬町、西有家町、有家町、布津町、深江町 南島原市
60%
名瀬市、住用村、笠利町 奄美市
60%
国見町、国東町、武蔵町、安岐町 国東市
60%
福間町、津屋崎町 福津市
60%
吉田町、桜島町、喜入町、松元町、郡山町 鹿児島市
60%
加治木町、姶良町、蒲生町 姶良市
60%
平良市、城辺町、下地町、上野村、伊良部町 宮古島市
60%
西彼町、西海町、大島町、崎戸町、大瀬戸町 西海市
60%
前原市、二丈町、志摩町 糸島市
60%
山川町、開聞町 指宿市
60%
田野町、佐土原町、高岡町、清武町 宮崎市
50%
野津原町、佐賀関町 大分市
50%
石川市、具志川市、与那城町、勝連町 うるま市
50%
加世田市、笠沙町、大浦町、坊津町、金峰町 南さつま市
50%
国見町、瑞穂町、吾妻町、愛野町、千々石町、小浜町、南串山町 雲仙市
50%
三田川町、東脊振村 吉野ヶ里町
50%
上陽町、黒木町、立花町、矢部村、星野村 八女市
50%
小石原村、宝珠山村 東峰村
50%
鹿北町、菊鹿町、鹿本町、鹿央町 山鹿市
50%
大島村、生月町、田平町 平戸市
50%
小城町、三日月町、牛津町、芦刈町 小城市
50%
白水村、久木野村、長陽村 南阿蘇村
50%
神埼町、千代田町、脊振村 神埼市
50%
瀬高町、山川町、高田町 みやま市
50%
塩田町、嬉野町 嬉野市
50%
諸富町、大和町、富士町、三瀬村、川副町、東与賀町、久保田町 佐賀市
50%
若松町、上五島町、新魚目町、有川町、奈良尾町 新上五島町
50%
山田市、稲築町、碓井町、嘉穂町 嘉麻市
50%
三光村、本耶馬渓町、耶馬渓町、山国町 中津市
50%
内之浦町、高山町 肝付町
40%
大和町、三橋町 柳川市
40%
大隅町、財部町、末吉町 曽於市
40%
菊水町、三加和町 和水町
40%
蘇陽町、矢部町、清和村 山都町
40%
富合町、城南町、植木町 熊本市
40%
上浦町、弥生町、本匠村、宇目町、直川村、鶴見町、米水津村、蒲江町 佐伯市
40%
大口市、菱刈町 伊佐市
40%
椎田町、築城町 築上町
40%
多良見町、森山町、飯盛町、高来町、小長井町 諫早市
40%
宮之城町、鶴田町、薩摩町 さつま町
40%
東市来町、伊集院町、日吉町、吹上町 日置市
40%
香焼町、伊王島町、高島町、野母崎町、三和町、外海町、琴海町 長崎市
40%
国分市、溝辺町、横川町、牧園町、霧島町、隼人町、福山町 霧島市
40%
郷ノ浦町、勝本町、芦辺町、石田町 壱岐市
40%
坂本村、千丁町、鏡町、東陽村、泉村 八代市
40%
筑穂町、穂波町、庄内町、頴田町 飯塚市
40%
岱明町、横島町、天水町 玉名市
40%
太田村、山香町 杵築市
40%
竜北町、宮原町 氷川町
40%
三重町、清川村、緒方町、朝地町、大野町、千年村、犬飼町 豊後大野市
30%
玉城村、知念村、佐敷町、大里町 南城市
30%
有明町 島原市
30%
山之口町、高城町、山田町、高崎町 都城市
30%
荻町、久住町、直入町 竹田市
30%
田浦町 芦北町
30%
福富町、有明町 白石町
30%
上村、免田町、岡原村、須恵村、深田村 あさぎり町
30%
中央町、砥用町 美里町
30%
南郷村、西郷村、北郷村 美郷町
30%
吉井町、世知原町、宇久町、小佐々町、江迎町、鹿町町 佐世保市
30%
栗野町、吉松町 湧水町
30%
西有田町 有田町
30%
新吉富村、大平村 上毛町
30%
犀川町、勝山町、豊津町 みやこ町
30%
北郷町、南郷町 日南市
30%
野津町 臼杵市
30%
福島町、鷹島町 松浦市
30%
野田町、高尾野町 出水市
30%
三輪町、夜須町 筑前町
30%
七城町、旭志村、泗水町 菊池市
30%
院内町、安心院町 宇佐市
30%
金田町、赤池町、方城町 福智町
30%
北方町、北浦町、北川町 延岡市
30%
根占町、佐多町 南大隅町
30%
須木村、野尻町 小林市
30%
山内町、北方町 武雄市
30%
前津江村、中津江村、上津江村、大山町、天瀬町 日田市
30%
玄海町、大島村 宗像市
30%
中原町、北茂安町、三根町 みやき町
30%
真玉町、香々地町 豊後高田市
30%
大矢野町、松島町、姫戸町、龍ヶ岳町 上天草市
20%
東町 長島町
20%
大根占町、田代町 錦江町
20%
仲里村、具志川村 久米島町
20%
輝北町、串良町、吾平町、 鹿屋市
20%
東風平町、具志頭村 八重瀬町
10%
東郷町 日向市
10%
No matching quizzes found
Score Distribution
Percent of People with Each Score
Percentile by Number Answered
Your Score History
You have not taken this quiz